000 00587nam a2200217 a 4500
001 57609
003 BD-RjUL
005 20211209080532.0
008 161211s1914 enk 000 0 eng d
035 _a(BD-RjUL)57733
040 _aBD-RjUL
_beng
_cBD-RjUL
041 _aeng
082 _223
_a242.3
_bKEC 1914
100 1 _aKeble, John,
_d1792-1866.
_9171046
245 1 4 _aThe Christian year /
_cby John Keble
260 _aLondon :
_bBlackie,
_c1914.
300 _axv, 364 p. ;
_c16 cm.
500 _a"Red letter library."
650 0 _aChurch year
_xPoetry.
_9171047
942 _2ddc
_cBK
999 _c57609
_d57609